La condizione della donna /

Salvato in:
Dettagli Bibliografici
Autore principale: Mitchell, Juliet (Autore)
Altri autori: Stefancich, Giovanna (Traduttore)
Natura: Libro
Lingua:italiano
Pubblicazione: Torino : G. Einaudi, 1972
Serie:Nuovo politecnico ; 53
Soggetti:
Tags: Aggiungi Tag
Nessun Tag, puoi essere il primo ad aggiungerne!!

MARC

LEADER 00000nam a22000007i 4500
001 IT\ICCU\SBL\0434339
003 ItRI
005 20260115232317.0
008 910930s1972 it |||||| ||||| |||||c
015 |2 IT  |a 732095 
040 |b ita  |c importazione bologna sebina 
041 7 |a ita  |2 ISO-639-2 
082 |a 305.42  |9 DONNE. RUOLO SOCIALE E CONDIZIONE  |2 23 
100 1 |a Mitchell, Juliet  |0 IT\ICCU\RAVV\026414  |4 aut 
240 1 0 |a Woman's Estate  |3 IT\ICCU\TO0\1572780  |9 Mitchell, Juliet 
245 1 3 |a La condizione della donna /  |c Juliet Mitchell ; traduzione di Giovanna Stefancich. 
260 |a Torino :  |b G. Einaudi,  |c 1972 
300 |a 201 p. ;  |c 19 cm 
650 7 |a Donna  |x Sec. 20.  |2 scbi 
650 7 |a Movimento di liberazione della donna  |2 scbi 
700 1 |a Stefancich, Giovanna  |0 IT\ICCU\RAVV\068549  |4 trl 
830 0 |a Nuovo politecnico ;  |v 53  |0 IT\ICCU\CFI\0000028 
942 |2 ddc  |c BK  |n 0 
952 |0 0  |1 0  |4 0  |6 DOC_305_420000000000000_MIT  |7 0  |9 23970  |a BO  |b BO  |d 2026-01-15  |i 17237  |l 0  |o DOC 305.42 MIT  |p BO17237  |r 2026-01-15 23:23:17  |w 2026-01-15  |x [Sebina 5] [1 v.]  |y BK  |z 1 v. 
999 |c 20413  |d 20413